[Event "Aeroflot Rapid Finals"]
[Site "Moscow RUS"]
[Date "2013.02.16"]
[EventDate "2013.02.16"]
[Round "2.2"]
[Result "1-0"]
[White "Peter Svidler"]
[Black "Ian Nepomniachtchi"]
[WhiteElo "2747"]
[BlackElo "2703"]
[PlyCount "111"]

1. g3 d5 2. Bg2 Nf6 3. d3 g6 4. Nd2 Bg7 5. e4 Nc6 6. Ngf3 dxe4
7. dxe4 O-O 8. O-O e5 9. c3 a5 10. Qc2 h6 11. b3 Be6 12. a4
Qc8 13. Re1 Rd8 14. Ba3 Bh3 15. b4 Bxg2 16. Kxg2 axb4 17. cxb4
Nd4 18. Nxd4 exd4 19. Bb2 Ra6 20. b5 Re6 21. Rac1 c6 22. Qd3
Qa8 23. bxc6 Rxc6 24. Rxc6 bxc6 25. Ra1 c5 26. a5 Ng4 27. Nc4
Qa6 28. h3 Nf6 29. Ra3 Nd7 30. Rb3 Qc6 31. Bc1 Rb8 32. Rxb8+
Nxb8 33. Nb6 Qb7 34. f3 Qa6 35. Qxa6 Nxa6 36. Kf2 f5 37. exf5
gxf5 38. Ke2 Kf7 39. Kd3 Ke6 40. Kc4 Kd6 41. g4 fxg4 42. fxg4
Kc6 43. Nd5 Bf8 44. h4 Nb8 45. h5 Nd7 46. Bf4 d3 47. Ne3 d2
48. Kd3 Kb5 49. Kxd2 Kxa5 50. Nf5 Nf6 51. Nxh6 Kb5 52. Ke2
Bxh6 53. Bxh6 Nxg4 54. Bg7 Kc6 55. Kf3 Nh2+ 56. Ke4 1-0

[Event "FIDE World Rapid Championship"]
[Site "Khanty-Mansiysk RUS"]
[Date "2013.06.06"]
[EventDate "2013.06.06"]
[Round "4.1"]
[Result "0-1"]
[White "Francisco Vallejo Pons"]
[Black "Ian Nepomniachtchi"]
[WhiteElo "2706"]
[BlackElo "2717"]
[PlyCount "117"]

1. e4 c5 2. Nc3 a6 3. g4 b5 4. Bg2 Bb7 5. d3 e6 6. Nh3 Nc6
7. O-O Nge7 8. f4 Ng6 9. Be3 Qc7 10. Qe1 Be7 11. Qf2 Nd4
12. Nd1 d6 13. c3 Nc6 14. d4 cxd4 15. cxd4 Bh4 16. Qd2 Nge7
17. d5 Nd8 18. dxe6 fxe6 19. Rc1 Nec6 20. g5 h6 21. gxh6 gxh6
22. f5 Qe7 23. Qe2 Ne5 24. Nf4 Rg8 25. fxe6 Nxe6 26. Qh5+ Kd7
27. Nd5 Bxd5 28. exd5 Nc5 29. Kh1 Raf8 30. Rxf8 Rxf8 31. b4
Ned3 32. Rc3 Be1 33. Qh3+ Kc7 34. bxc5 Bxc3 35. cxd6+ Qxd6
36. Nxc3 Nf4 37. Qg3 Nxg2 38. Kxg2 Qxg3+ 39. hxg3 h5 40. Bf4+
Kb6 41. d6 Kc6 42. Kf3 b4 43. Ne4 a5 44. Ke3 a4 45. Bg5 b3
46. axb3 a3 47. Nc3 Rb8 48. Kd3 Rxb3 49. Kc4 Rb2 50. Bf4 a2
51. Nxa2 Rxa2 52. Kd4 Re2 53. Kd3 Re8 54. Kd4 Re1 55. Be5 Kd7
56. Kd5 Rd1+ 57. Ke4 Ke6 58. Bf4 Rf1 59. Ke3 0-1

[Event "SportAccord World Mind Games (Men, Rapid)"]
[Site "Beijing CHN"]
[Date "2013.12.12"]
[EventDate "2013.12.12"]
[Round "3.1"]
[Result "1/2-1/2"]
[White "Peter Leko"]
[Black "Ian Nepomniachtchi"]
[WhiteElo "2730"]
[BlackElo "2721"]
[PlyCount "77"]

1. e4 c5 2. Nf3 d6 3. d4 cxd4 4. Nxd4 Nf6 5. Nc3 a6 6. Be3 e5
7. Nf3 Be7 8. Bc4 O-O 9. O-O Nc6 10. Bg5 Nd7 11. Bxe7 Qxe7
12. Qd2 Na5 13. Nd5 Qd8 14. Be2 Nc6 15. Rfd1 Nc5 16. Nc3 Qb6
17. Rab1 Bg4 18. b4 Ne6 19. Nd5 Qd8 20. c3 Bxf3 21. Bxf3 Ng5
22. Qe3 Nxf3+ 23. Qxf3 Rc8 24. Rd3 Ne7 25. Rbd1 Rc6 26. g3 h6
27. a4 Nxd5 28. Rxd5 Qc7 29. R1d3 Rc8 30. b5 Rxc3 31. Rxc3
Qxc3 32. Qxc3 Rxc3 33. Rxd6 Rc4 34. bxa6 bxa6 35. Rxa6 Rxe4
36. Ra8+ Kh7 37. Ra7 Kg8 38. Ra8+ Kh7 39. Ra7 1/2-1/2

[Event "5th Yaroslav the Wise Rapid"]
[Site "Yaroslavl RUS"]
[Date "2014.08.27"]
[EventDate "?"]
[Round "10"]
[Result "0-1"]
[White "Alexander Moiseenko"]
[Black "Ian Nepomniachtchi"]
[WhiteElo "2707"]
[BlackElo "2714"]
[PlyCount "76"]

1. d4 Nf6 2. c4 g6 3. Nc3 d5 4. cxd5 Nxd5 5. Bd2 Bg7 6. e4
Nxc3 7. Bxc3 O-O 8. Qd2 Nc6 9. Nf3 Bg4 10. d5 Bxf3 11. gxf3
Ne5 12. Be2 c6 13. f4 Nd7 14. Bxg7 Kxg7 15. dxc6 bxc6 16. Rc1
Nf6 17. Rc4 Qb8 18. b3 Rd8 19. Qe3 a5 20. O-O a4 21. b4 a3
22. Rb1 Ra4 23. Bf3 c5 24. Rxc5 Rxb4 25. Rxb4 Qxb4 26. e5 Ng8
27. Rc3 Nh6 28. Rb3 Qc4 29. Rc3 Qxa2 30. Rxa3 Qb1+ 31. Kg2 Nf5
32. Qc3 Nh4+ 33. Kh3 Qf1+ 34. Kxh4 Qxf2+ 35. Kh3 Rd2 36. f5
Qxh2+ 37. Kg4 h5+ 38. Kg5 Qg3+ 0-1

[Event "European Individual Championship"]
[Site "Jerusalem ISR"]
[Date "2015.03.05"]
[EventDate "2015.02.24"]
[Round "9.1"]
[Result "1-0"]
[White "David Navara"]
[Black "Ian Nepomniachtchi"]
[WhiteElo "2735"]
[BlackElo "2714"]
[PlyCount "105"]

1. Nf3 Nf6 2. c4 c5 3. Nc3 d5 4. cxd5 Nxd5 5. e3 Nxc3 6. bxc3
Qc7 7. Bb2 Nd7 8. Qb3 e6 9. c4 b6 10. a4 Bb7 11. a5 f6 12. Bd3
Bd6 13. Qc2 f5 14. Ng5 Nf8 15. f4 h6 16. Nf3 Ng6 17. h4 O-O-O
18. axb6 axb6 19. Bxf5 Nxf4 20. Be4 Bxe4 21. Qxe4 Nd3+ 22. Ke2
Nxb2 23. Rhb1 Rhe8 24. Rxb2 Qb7 25. Qb1 Bc7 26. Rba2 Bb8
27. Ra8 Rd6 28. R1a7 Qxa7 29. Rxa7 Bxa7 30. Ne5 Red8 31. d3
Rf8 32. g4 Bb8 33. Qh1 h5 34. gxh5 Rf5 35. Ng6 Rf7 36. Qe4 Rf6
37. Ne7+ Kc7 38. Qh7 Rf7 39. Ng6 e5 40. Nxe5 Re7 41. Ng6 Red7
42. Nf4 Kb7 43. Qf5 Bc7 44. e4 b5 45. Nd5 bxc4 46. dxc4 Rd8
47. e5 Re8 48. Nxc7 Kxc7 49. Qf7+ Kd8 50. Qxe8+ Kxe8 51. exd6
Kd7 52. Kf3 Kxd6 53. Ke4 1-0

[Event "Aeroflot Open"]
[Site "Moscow RUS"]
[Date "2016.03.06"]
[EventDate "2016.03.01"]
[Round "6.11"]
[Result "1-0"]
[White "Ian Nepomniachtchi"]
[Black "Benjamin Bok"]
[WhiteElo "2704"]
[BlackElo "2611"]
[PlyCount "93"]

1. c4 c5 2. Nf3 Nf6 3. Nc3 d5 4. cxd5 Nxd5 5. e4 Nb4 6. Bc4
Nd3+ 7. Ke2 Nf4+ 8. Kf1 Nd3 9. Qe2 Nxc1 10. Rxc1 e6 11. h4 Nc6
12. h5 Bd7 13. Qe3 Qc7 14. e5 O-O-O 15. Rh4 Be7 16. Rg4 g6
17. Nb5 Qb6 18. Be2 Kb8 19. a3 gxh5 20. Rf4 Be8 21. Nd6 Bxd6
22. exd6 Rxd6 23. Rfc4 f6 24. Rxc5 Bg6 25. d4 Rhd8 26. b4 h4
27. b5 Ne7 28. a4 Nd5 29. Qd2 R6d7 30. Nxh4 Qd6 31. g3 Ne7
32. Qe3 Bf5 33. Bf3 Bh3+ 34. Kg1 Qxd4 35. Qb3 Bf5 36. Nxf5
exf5 37. a5 f4 38. g4 f5 39. b6 Qd6 40. bxa7+ Kxa7 41. Rb5 Rb8
42. gxf5 Rg8+ 43. Kf1 Qa6 44. Rb1 Nxf5 45. Qxg8 Nd4 46. Qc8
Nxb5 47. Qc5+ 1-0

[Event "Aeroflot Open"]
[Site "Moscow RUS"]
[Date "2016.03.07"]
[EventDate "2016.03.01"]
[Round "7.3"]
[Result "1/2-1/2"]
[White "Vadim Zvjaginsev"]
[Black "Ian Nepomniachtchi"]
[WhiteElo "2662"]
[BlackElo "2704"]
[PlyCount "120"]

1. e4 c5 2. Nc3 d6 3. d4 cxd4 4. Qxd4 Nc6 5. Bb5 Bd7 6. Bxc6
Bxc6 7. Nge2 h6 8. O-O Nf6 9. Qd3 e6 10. Nd4 Qd7 11. Bf4 Be7
12. Rad1 e5 13. Nxc6 bxc6 14. Bc1 O-O 15. Ne2 d5 16. c4 Rfd8
17. Nc3 d4 18. Na4 Qe6 19. b3 Nd7 20. Qe2 Nc5 21. Nxc5 Bxc5
22. Rd3 a5 23. a4 Rab8 24. Rfd1 Bb4 25. Bb2 Rb7 26. Rf3 Qe7
27. Rg3 Qe6 28. Qh5 Rdb8 29. h4 Kh7 30. Rdd3 g6 31. Qe2 h5
32. Rdf3 Kg7 33. Qc2 Be7 34. Rh3 Bb4 35. Rhg3 Kg8 36. Rh3 Qe7
37. Kh2 Qd8 38. Qc1 Rd7 39. Qh6 Bf8 40. Qd2 Be7 41. Qh6 Bf8
42. Qd2 Rbb7 43. Bc1 Bb4 44. Qd1 Be7 45. Qd2 c5 46. Rd3 Rd6
47. Kg1 Ra6 48. Qh6 Bf8 49. Qg5 Qe8 50. Qd2 Be7 51. Qe2 Qc8
52. Rdg3 Kf8 53. Bg5 Qc6 54. Bxe7+ Kxe7 55. Rg5 Qc7 56. g4
hxg4 57. Qxg4 Re6 58. h5 gxh5 59. Qxh5 Kd6 60. f4 Qe7 1/2-1/2

[Event "Aeroflot Open"]
[Site "Moscow RUS"]
[Date "2016.03.08"]
[EventDate "2016.03.01"]
[Round "8.4"]
[Result "1/2-1/2"]
[White "Ian Nepomniachtchi"]
[Black "Aleksandr Rakhmanov"]
[WhiteElo "2704"]
[BlackElo "2650"]
[PlyCount "95"]

1. d4 d5 2. c4 e6 3. Nc3 a6 4. cxd5 exd5 5. Qb3 Nc6 6. Nf3 Bb4
7. Bf4 Nge7 8. e3 h6 9. Ne5 O-O 10. Be2 Nxe5 11. Qxb4 N5g6
12. Bg3 Nf5 13. Rc1 Re8 14. Na4 c6 15. Rc3 Qe7 16. Qxe7 Rxe7
17. Rb3 Nxg3 18. hxg3 Nf8 19. g4 Nd7 20. Rc3 Nf6 21. f3 Ne8
22. Nb6 Rb8 23. b4 Nd6 24. a4 Be6 25. Ra3 Nc8 26. Nxc8 Rxc8
27. Kd2 Ra8 28. Rha1 Kf8 29. b5 axb5 30. axb5 Rxa3 31. Rxa3
cxb5 32. Ra8+ Re8 33. Ra7 Re7 34. Bxb5 Rc7 35. Ra8+ Rc8
36. Ra5 Ke7 37. Bd3 Kd6 38. Rb5 Rb8 39. Ra5 Rc8 40. Bc2 Rc4
41. Bb3 Rc7 42. Rb5 Kc6 43. Ba4 b6 44. Rb2+ Kb7 45. Bb5 Bd7
46. Bd3 Rc8 47. Bf5 Rd8 48. Bd3 1/2-1/2

[Event "Aeroflot Open"]
[Site "Moscow RUS"]
[Date "2016.03.09"]
[EventDate "2016.03.01"]
[Round "9.7"]
[Result "1/2-1/2"]
[White "Krishnan Sasikiran"]
[Black "Ian Nepomniachtchi"]
[WhiteElo "2637"]
[BlackElo "2704"]
[PlyCount "49"]

1. d4 Nf6 2. c4 g6 3. Nc3 d5 4. Nf3 Bg7 5. Qb3 dxc4 6. Qxc4
O-O 7. e4 Be6 8. Qd3 c5 9. d5 Bc8 10. Bg5 h6 11. Be3 b6
12. Qd2 e6 13. Bxh6 exd5 14. Bxg7 Kxg7 15. e5 Ne4 16. Qxd5
Nxc3 17. Qxd8 Rxd8 18. bxc3 Nc6 19. Bb5 Bd7 20. e6 fxe6
21. O-O-O Be8 22. Ng5 Kf6 23. f4 e5 24. Ne4+ Ke7 25. Rde1
1/2-1/2

[Event "World Blitz Championship"]
[Site "Doha QAT"]
[Date "2016.12.30"]
[EventDate "2016.12.29"]
[Round "21.9"]
[Result "0-1"]
[White "Alexander Morozevich"]
[Black "Ian Nepomniachtchi"]
[WhiteElo "2676"]
[BlackElo "2767"]
[PlyCount "85"]

1. e4 c5 2. Nf3 d6 3. d4 cxd4 4. Nxd4 Nf6 5. Nc3 a6 6. Be3 e5
7. Nb3 Be7 8. Qd2 Be6 9. O-O-O Nbd7 10. f4 exf4 11. Bxf4 Ne5
12. Nd4 O-O 13. g3 Qd7 14. Nf5 Bxf5 15. exf5 Qxf5 16. Bg2 Rac8
17. Kb1 Nc4 18. Qd3 Qa5 19. Nd5 Nxd5 20. Bxd5 b5 21. Rhe1 Bf6
22. Bc1 Qb4 23. a3 Qc5 24. Re4 Ne5 25. Qe2 a5 26. g4 h6 27. h4
Bxh4 28. Ba2 Nc4 29. a4 d5 30. Red4 bxa4 31. Rxd5 Qb4 32. c3
Qb6 33. Bxc4 Bf6 34. Rb5 Qc6 35. Bd5 Qa6 36. c4 Rc7 37. Qf3
Re7 38. Qa3 Rfe8 39. Qxa4 Qa7 40. c5 Re2 41. Qc4 R8e7 42. c6
a4 43. Rb7 0-1

[Event "Korchnoi Zurich Chess Challenge (Opening Blitz)"]
[Site "Zurich SUI"]
[Date "2017.04.12"]
[EventDate "2017.04.12"]
[Round "6.4"]
[Result "0-1"]
[White "Grigoriy Oparin"]
[Black "Ian Nepomniachtchi"]
[WhiteElo "2604"]
[BlackElo "2751"]
[PlyCount "90"]

1. e4 c5 2. Nf3 d6 3. d4 cxd4 4. Nxd4 Nf6 5. Nc3 a6 6. Be2 e5
7. Nb3 Be7 8. O-O O-O 9. Re1 Nc6 10. Bf3 Be6 11. a3 Rc8
12. Qd3 b5 13. Nd5 Bxd5 14. exd5 Na5 15. Nxa5 Qxa5 16. Bd2 Qc7
17. c3 Nd7 18. Bg4 Nc5 19. Qh3 Rcd8 20. Rad1 Bf6 21. Bf5 g6
22. Bc2 Bg7 23. g4 Rde8 24. Be3 Na4 25. Bc1 Nb6 26. Qf3 Qc8
27. Kh1 Kh8 28. Rg1 Qc4 29. Bd3 Qb3 30. Be4 Nd7 31. h4 Nc5
32. h5 Qc4 33. Bc2 e4 34. Qh3 gxh5 35. gxh5 Rg8 36. Be3 Nd3
37. h6 Be5 38. Qf5 Qxd5 39. Rg2 Rg6 40. Rdg1 Reg8 41. Rg5
Rxh6+ 42. Rh5 Nxf2+ 43. Bxf2 e3+ 44. Be4 Rxh5+ 45. Qxh5 Qxe4+
0-1

[Event "Korchnoi Zurich Chess Challenge (Opening Blitz)"]
[Site "Zurich SUI"]
[Date "2017.04.12"]
[EventDate "2017.04.12"]
[Round "7.1"]
[Result "1-0"]
[White "Ian Nepomniachtchi"]
[Black "Boris Gelfand"]
[WhiteElo "2751"]
[BlackElo "2724"]
[PlyCount "104"]

1. e4 c5 2. Nf3 d6 3. d4 cxd4 4. Nxd4 Nf6 5. Nc3 a6 6. h4 e5
7. Nb3 Be7 8. Bg5 Nbd7 9. a4 b6 10. Bc4 Bb7 11. Qe2 h6
12. Bxf6 Nxf6 13. Rd1 h5 14. Rh3 g6 15. Nd2 Kf8 16. Nf1 b5
17. axb5 axb5 18. Bxb5 Qa5 19. Nd2 Qb4 20. Qc4 Qa5 21. Bc6 Rc8
22. Qb5 Qxb5 23. Bxb5 Kg7 24. Rd3 Rhd8 25. g3 d5 26. exd5 Nxd5
27. Nxd5 Rxd5 28. Rxd5 Bxd5 29. c3 Rb8 30. Bc4 Bc6 31. b4 Rc8
32. Ra1 e4 33. Ra7 Kf8 34. b5 Be8 35. Rb7 f5 36. b6 Bd8
37. Bd5 Rxc3 38. Rb8 Ke7 39. b7 Rc1+ 40. Ke2 Bb5+ 41. Bc4 Rxc4
42. Nxc4 Bxc4+ 43. Kd1 Bb3+ 44. Kc1 Bd5 45. Rxd8 Bxb7 46. Rb8
Bd5 47. Kd2 Kf6 48. Ke3 Bf7 49. Kf4 Kg7 50. Kg5 Be6 51. Rb7+
Bf7 52. Ra7 e3 1-0

[Event "World Team Chess Championship"]
[Site "Khanty-Mansiysk RUS"]
[Date "2017.06.21"]
[EventDate "2017.06.17"]
[Round "5.5"]
[Result "1/2-1/2"]
[White "Frode Olav Olsen Urkedal"]
[Black "Ian Nepomniachtchi"]
[WhiteElo "2541"]
[BlackElo "2732"]
[PlyCount "78"]

1. d4 Nf6 2. c4 g6 3. Nc3 d5 4. Bg5 Ne4 5. Bh4 Nxc3 6. bxc3
dxc4 7. e3 Be6 8. Be2 Bd5 9. Nf3 Bg7 10. O-O O-O 11. Qc2 c5
12. e4 Be6 13. h3 b5 14. Rfd1 cxd4 15. Nxd4 Qc8 16. Bxe7 Re8
17. Bd6 Bd7 18. f4 Qa6 19. e5 Nc6 20. a4 bxa4 21. Nxc6 Bxc6
22. Rd4 Bb5 23. Rb1 Rac8 24. Qb2 Bd7 25. Qb4 Bf5 26. Ra1 Bc2
27. Bxc4 Qb6 28. Qxb6 axb6 29. Rc1 Bb3 30. Bxb3 axb3 31. Rb4
f6 32. Rxb6 fxe5 33. Bxe5 Bxe5 34. fxe5 Rb8 35. Rxb8 Rxb8
36. Kf2 Kf7 37. Ke3 Ke6 38. Ke4 Rb5 39. Rb1 Rxe5+ 1/2-1/2

[Event "World Team Chess Championship"]
[Site "Khanty-Mansiysk RUS"]
[Date "2017.06.25"]
[EventDate "2017.06.17"]
[Round "8.3"]
[Result "1/2-1/2"]
[White "Ian Nepomniachtchi"]
[Black "Baskaran Adhiban"]
[WhiteElo "2732"]
[BlackElo "2670"]
[PlyCount "77"]

1. c4 Nf6 2. Nc3 g6 3. Nf3 Bg7 4. g3 O-O 5. Bg2 d6 6. O-O e5
7. d3 Nc6 8. Rb1 a5 9. a3 Nd4 10. Nxd4 exd4 11. Nb5 Nh5 12. e3
dxe3 13. Bxe3 c6 14. Nc3 Nf6 15. Qb3 Bf5 16. Rbd1 Qd7 17. Rfe1
Bh3 18. Bd4 Bxg2 19. Kxg2 Rfe8 20. Ne4 a4 21. Qc2 Nxe4
22. dxe4 Qe6 23. Bxg7 Kxg7 24. Re3 Qe5 25. Qd2 Re6 26. Qb4 b5
27. cxb5 Qxb5 28. Qc3+ Kg8 29. Red3 Rd8 30. Rd4 c5 31. Rc4
Rde8 32. Qc2 Qb7 33. Rxa4 Rxe4 34. Rxe4 Rxe4 35. Kg1 Qe7
36. b3 Re1+ 37. Rxe1 Qxe1+ 38. Kg2 Qa5 39. Qd3 1/2-1/2

[Event "World Team Chess Championship"]
[Site "Khanty-Mansiysk RUS"]
[Date "2017.06.26"]
[EventDate "2017.06.17"]
[Round "9.3"]
[Result "1-0"]
[White "Ian Nepomniachtchi"]
[Black "Samuel Shankland"]
[WhiteElo "2732"]
[BlackElo "2676"]
[PlyCount "137"]

1. e4 c6 2. d4 d5 3. e5 Bf5 4. g4 Be4 5. f3 Bg6 6. e6 fxe6
7. h4 Nd7 8. h5 Bf7 9. f4 e5 10. fxe5 e6 11. Nf3 c5 12. c3 Ne7
13. Bd3 Nc6 14. O-O Qb6 15. Kg2 Rc8 16. a3 cxd4 17. cxd4 Nxd4
18. Nxd4 Qxd4 19. Bg6 Qxd1 20. Bxf7+ Kd8 21. Rxd1 Ke7 22. Rf1
Rc2+ 23. Kh1 Nxe5 24. Bg5+ Kd7 25. Nc3 Nxg4 26. Bxe6+ Kxe6
27. Rae1+ Kd6 28. Rxf8 Nf2+ 29. Rxf2 Rxf2 30. Nb5+ Kc6
31. Nxa7+ Kc7 32. Nb5+ Kb8 33. b4 Rf5 34. Be7 Rxh5+ 35. Kg2 d4
36. Nxd4 Rd5 37. Bc5 Rhd8 38. Re4 h5 39. a4 g5 40. a5 g4
41. a6 bxa6 42. Nc6+ Kc7 43. Nxd8 Kxd8 44. Kg3 Rf5 45. Kh4 Rd5
46. Re3 Kc7 47. Re7+ Kb8 48. Bb6 Rb5 49. Bc7+ Ka8 50. Ba5 Rf5
51. Re6 Kb7 52. Rg6 Ka7 53. Rb6 Rd5 54. Rf6 Kb7 55. Rf4 Ka7
56. Kg3 Rd3+ 57. Kf2 Rd5 58. Ke3 Re5+ 59. Kf2 Kb7 60. Rf7+ Ka8
61. Rg7 Re4 62. Kg3 Re5 63. Kf4 Rd5 64. Ke4 Rb5 65. Kd4 Rf5
66. Bb6 Rb5 67. Rg8+ Kb7 68. Bc5 Kc7 69. Kd5 1-0

[Event "Sinquefield Cup"]
[Site "Saint Louis, MO USA"]
[Date "2017.08.02"]
[EventDate "2017.07.31"]
[Round "1"]
[Result "1-0"]
[White "Levon Aronian"]
[Black "Ian Nepomniachtchi"]
[WhiteElo "2809"]
[BlackElo "2742"]
[PlyCount "57"]

1. Nf3 Nf6 2. c4 c5 3. Nc3 d5 4. cxd5 Nxd5 5. e3 Nxc3 6. bxc3
g6 7. h4 Bg7 8. h5 Nc6 9. Ba3 Qa5 10. Rh4 Bd7 11. Qb3 O-O
12. hxg6 hxg6 13. Qxb7 Rfd8 14. Qa6 Bxc3 15. Qxa5 Bxa5
16. Bxc5 Be6 17. Bb5 Ne5 18. Nd4 Rd5 19. Bxe7 Kg7 20. f4 Nd7
21. f5 Bxf5 22. Bc6 Re5 23. Nxf5+ gxf5 24. Bg5 Kg6 25. Bf4 Rd8
26. Bxd7 Rc5 27. Rh6+ Kg7 28. Rd6 Bc7 29. Rc6 1-0

[Event "Sinquefield Cup"]
[Site "Saint Louis, MO USA"]
[Date "2017.08.03"]
[EventDate "2017.07.31"]
[Round "2"]
[Result "0-1"]
[White "Ian Nepomniachtchi"]
[Black "Wesley So"]
[WhiteElo "2742"]
[BlackElo "2810"]
[PlyCount "78"]

1. c4 g6 2. Nc3 c5 3. d4 cxd4 4. Qxd4 Nf6 5. Bf4 Nc6 6. Qd2 d6
7. e4 Bg7 8. Bd3 Ne5 9. Nge2 Nh5 10. Be3 Ng4 11. Bg5 h6
12. Bh4 g5 13. Bg3 Be6 14. h3 Ne5 15. Bxe5 Bxe5 16. g3 Qa5
17. f4 Bxc3 18. bxc3 Qc7 19. fxg5 hxg5 20. Qxg5 Bxc4 21. Bxc4
Qxc4 22. Qd5 Qxd5 23. exd5 Rc8 24. Rb1 b6 25. Rb3 Nf6 26. Ra3
a5 27. Nf4 Rg8 28. c4 Rxc4 29. Ke2 Ne4 30. g4 f5 31. Rg1 fxg4
32. hxg4 Nc3+ 33. Kd3 Rxf4 34. Rxc3 Rgxg4 35. Rc8+ Kf7 36. Rb1
Rd4+ 37. Ke3 Rxd5 38. Rxb6 Rg2 39. a4 Rg4 0-1

[Event "Sinquefield Cup"]
[Site "Saint Louis, MO USA"]
[Date "2017.08.06"]
[EventDate "2017.07.31"]
[Round "5"]
[Result "1/2-1/2"]
[White "Sergey Karjakin"]
[Black "Ian Nepomniachtchi"]
[WhiteElo "2773"]
[BlackElo "2742"]
[PlyCount "120"]

1. e4 d6 2. d4 Nf6 3. Nc3 g6 4. f4 Bg7 5. Bd3 O-O 6. Nf3 Nc6
7. Be2 Bg4 8. Be3 Bxf3 9. Bxf3 e5 10. fxe5 dxe5 11. d5 Nd4
12. O-O c6 13. dxc6 bxc6 14. Ne2 Qc7 15. c3 Nxf3+ 16. gxf3 Nh5
17. Qd3 Rfd8 18. Qc4 Rd7 19. Rad1 Rad8 20. Rxd7 Rxd7 21. b4
Qd6 22. Qa6 Qc7 23. a4 Bf6 24. a5 Kg7 25. Qc4 h6 26. a6 Bg5
27. Bxg5 hxg5 28. Qc5 Kg8 29. b5 cxb5 30. Qxc7 Rxc7 31. Rb1
Rc5 32. Rd1 Nf4 33. Nxf4 gxf4 34. Rd7 Rxc3 35. Kg2 Rc2+
36. Kg1 Ra2 37. Rxa7 Kg7 38. Rb7 Rxa6 39. Rxb5 Kf6 40. h4 Ke6
41. Rb7 f5 42. exf5+ gxf5 43. h5 e4 44. h6 e3 45. h7 Ra8
46. Kf1 Kf6 47. Ra7 Rh8 48. Ke2 Kg6 49. Ra4 Rxh7 50. Rxf4 Kg5
51. Ra4 Re7 52. f4+ Kg4 53. Rb4 Kg3 54. Ra4 Rb7 55. Kxe3 Re7+
56. Kd2 Kf3 57. Kd1 Re8 58. Rb4 Rh8 59. Rb5 Rh5 60. Ke1 Kxf4
1/2-1/2

[Event "London Chess Classic"]
[Site "London ENG"]
[Date "2017.12.01"]
[EventDate "2017.11.29"]
[Round "1"]
[Result "1/2-1/2"]
[White "Ian Nepomniachtchi"]
[Black "Levon Aronian"]
[WhiteElo "2729"]
[BlackElo "2805"]
[PlyCount "55"]

1. e4 e5 2. Nf3 Nc6 3. Bb5 a6 4. Ba4 Nf6 5. O-O Be7 6. d3 b5
7. Bb3 d6 8. a3 O-O 9. Nc3 Bg4 10. Be3 Nd4 11. Bxd4 exd4
12. Nd5 Nxd5 13. Bxd5 Rc8 14. Bc6 Bf6 15. a4 Bd7 16. Bxd7 Qxd7
17. Qd2 Rfe8 18. Rfe1 h6 19. axb5 axb5 20. Ra6 c5 21. h3 c4
22. Qb4 Qb7 23. Rea1 cxd3 24. cxd3 d5 25. Ra7 Qc6 26. R7a6 Qb7
27. Ra7 Qc6 28. R7a6 1/2-1/2

[Event "London Chess Classic"]
[Site "London ENG"]
[Date "2017.12.06"]
[EventDate "2017.11.29"]
[Round "5"]
[Result "1/2-1/2"]
[White "Ian Nepomniachtchi"]
[Black "Sergey Karjakin"]
[WhiteElo "2729"]
[BlackElo "2760"]
[PlyCount "60"]

1. d4 Nf6 2. c4 e6 3. Nc3 Bb4 4. Qc2 d5 5. cxd5 exd5 6. Bg5 h6
7. Bh4 c5 8. e3 cxd4 9. exd4 Nc6 10. Bb5 O-O 11. Nge2 Qb6
12. Bxc6 Qxc6 13. Bxf6 Qxf6 14. O-O Bxc3 15. Qxc3 Bg4 16. f3
Bd7 17. Qd2 Bb5 18. Rfe1 Bxe2 19. Rxe2 Rfe8 20. Rae1 Rxe2
21. Rxe2 Rc8 22. b3 b6 23. h3 a5 24. Qe3 a4 25. bxa4 Rc4
26. Qe8+ Kh7 27. Qe5 Rxd4 28. Qxf6 gxf6 29. Rb2 Rxa4 30. Rxb6
Rxa2 1/2-1/2

[Event "London Chess Classic"]
[Site "London ENG"]
[Date "2017.12.08"]
[EventDate "2017.11.29"]
[Round "6"]
[Result "0-1"]
[White "Michael Adams"]
[Black "Ian Nepomniachtchi"]
[WhiteElo "2715"]
[BlackElo "2729"]
[PlyCount "171"]

1. e4 c5 2. Nf3 d6 3. d4 cxd4 4. Nxd4 Nf6 5. Nc3 a6 6. a4 g6
7. Be2 Bg7 8. O-O O-O 9. Be3 Nc6 10. Qd2 Nxd4 11. Bxd4 Be6
12. a5 Rc8 13. Rfd1 Qc7 14. h3 Rfe8 15. Ra3 Nd7 16. Bxg7 Kxg7
17. Qd4+ Kg8 18. Rd2 Qc5 19. Qxc5 Rxc5 20. Nd5 Bxd5 21. exd5
b5 22. axb6 Nxb6 23. Rxa6 Nxd5 24. c3 Nc7 25. Rb6 d5 26. Rb7
e6 27. Rd3 Na8 28. Rd4 Rc7 29. Rdb4 Kg7 30. f4 Ree7 31. Rxc7
Rxc7 32. Rb8 Ra7 33. b4 Nc7 34. b5 Ra8 35. Rb7 Ne8 36. c4 Nd6
37. Rc7 dxc4 38. Bxc4 Ra1+ 39. Kf2 Rc1 40. b6 Nxc4 41. b7 Rb1
42. Rxc4 Rxb7 43. Ra4 h6 44. Ra5 Rb2+ 45. Kf3 Rb3+ 46. Kf2 Rd3
47. h4 Rd5 48. Ra7 g5 49. hxg5 hxg5 50. fxg5 Rxg5 51. g3 Kg6
52. Kf3 Rf5+ 53. Kg2 Rb5 54. Re7 e5 55. Kf2 f6 56. Re8 Kf5
57. Rf8 Rb3 58. Kg2 Rb2+ 59. Kf3 Rb3+ 60. Kg2 Ke6 61. Kf2 Ra3
62. Re8+ Kf5 63. Rf8 Ra7 64. Kf3 Rg7 65. Re8 Kg5 66. Re6 Rg8
67. Re7 Kf5 68. Rh7 Ra8 69. Rh5+ Kg6 70. Rh4 f5 71. Rb4 Kg5
72. Rb7 e4+ 73. Ke3 Ra3+ 74. Kf2 Ra2+ 75. Ke3 Kg4 76. Rg7+ Kh3
77. Rg5 Ra3+ 78. Kf2 Rf3+ 79. Ke1 Kg2 80. Ke2 Rf2+ 81. Ke3 Kf1
82. g4 Rf3+ 83. Kd4 e3 84. Rxf5 Rxf5 85. Kxe3 Rf8 86. Kd4 0-1

[Event "London Chess Classic"]
[Site "London ENG"]
[Date "2017.12.09"]
[EventDate "2017.11.29"]
[Round "7"]
[Result "1-0"]
[White "Ian Nepomniachtchi"]
[Black "Viswanathan Anand"]
[WhiteElo "2729"]
[BlackElo "2782"]
[PlyCount "73"]

1. c4 Nf6 2. Nc3 e6 3. Nf3 d5 4. e3 a6 5. b3 Bd6 6. Bb2 O-O
7. g4 Nxg4 8. Rg1 f5 9. cxd5 e5 10. h3 Nf6 11. Ng5 Qe7 12. Qf3
Kh8 13. Ne6 Bxe6 14. dxe6 Qxe6 15. Qxb7 Nbd7 16. Bc4 Qe7
17. Qg2 Nb6 18. Be2 a5 19. Bb5 Rad8 20. Qg5 g6 21. Qh6 Ng8
22. Qg5 Nf6 23. Rd1 e4 24. Qh6 Rg8 25. Ne2 Be5 26. Bxe5 Qxe5
27. Nf4 g5 28. Rxg5 Rxg5 29. Qxg5 Rg8 30. Qh6 Rg7 31. Bc4 Nxc4
32. bxc4 Qb2 33. Ke2 a4 34. Ne6 Rf7 35. Nf4 Rg7 36. a3 Ne8
37. Qc6 1-0